It looks like you're offline.
Open Library logo
additional options menu

MARC record from Internet Archive

LEADER: 00730cam a2200229 a 4500
001 2008029833
003 DLC
005 20090901064512.0
008 080703s2008 nyua 001 0 eng
010 $a 2008029833
020 $a9780307383198 (pbk.)
040 $aDLC$cDLC$dDLC
050 00 $aTX833.5$b.R389 2008
082 00 $a641.5/55$222
100 1 $aRay, Rachael.
245 10 $aRachael Ray's big orange book /$cRachael Ray ; photographs by Tina Rupp.
250 $a1st ed.
260 $aNew York :$bClarkson Potter/Publishers,$cc2008.
300 $a360 p. :$bcol. ill. ;$c26 cm.
500 $aIncludes index.
650 0 $aQuick and easy cookery.
856 41 $3Table of contents only$uhttp://www.loc.gov/catdir/toc/ecip0822/2008029833.html